|
|
|
|
| LEADER |
00000cam a2200000 a 4500 |
| 001 |
vtls001423679 |
| 003 |
SK-MaSNL |
| 005 |
20260302001721.0 |
| 008 |
240226s2001 xo d f 0 0 0 cze |
| 015 |
|
|
|a SNBA2010/12-06387
|
| 020 |
|
|
|a 8096819372
|q (brož.)
|
| 035 |
|
|
|a SNK000378557
|
| 035 |
|
|
|a urn:nbn:sk:snk-am3ipkh
|
| 035 |
|
|
|a 1378BE12-1E1B-4D79-A594-8CD9E31E0D6B
|
| 035 |
|
|
|a urn:nbn:sk:snk-am00eljn
|
| 040 |
|
|
|a SNK
|b slo
|c SNK
|e AACR2
|
| 041 |
0 |
|
|a cze
|a vie
|
| 044 |
|
|
|a xo
|c SK
|
| 072 |
|
7 |
|a 81
|x Lingvistika. Jazyky
|2 konspekt
|
| 080 |
|
|
|a 811.612.91
|2 2001
|
| 080 |
|
|
|a 811.162.3
|2 2001
|
| 080 |
|
|
|a 81'24
|2 2001
|
| 080 |
|
|
|a (035)
|2 2001
|
| 245 |
0 |
0 |
|a Vietnamsko-česká konverzace
|c [zostavil: Michal Semotam]
|
| 246 |
1 |
1 |
|a Hôi thoai viet-séc
|
| 260 |
|
|
|a V Bratislave
|b Sloviet
|c 2001
|
| 300 |
|
|
|a 109 s.
|c 21 cm
|
| 504 |
|
|
|a Bibliogr. odkazy
|
| 546 |
|
|
|a Súbež. názov a text vietn.
|
| 650 |
0 |
7 |
|a vietnamčina
|2 SNKPH
|9 2063
|
| 650 |
0 |
7 |
|a čeština
|2 SNKPH
|9 1319
|
| 650 |
0 |
7 |
|a konverzácia
|2 SNKPH
|9 49849
|
| 655 |
|
7 |
|a príručky
|2 SNKPH
|9 74364
|
| 700 |
1 |
|
|a Semotam, Michal,
|d 1957-
|4 com
|9 104033
|
| 919 |
|
|
|a 80-968193-7-2
|
| 958 |
|
|
|a OND
|
| 958 |
|
|
|a NB
|
| 968 |
|
|
|d 81
|
| 999 |
|
|
|c 985010
|d 986940
|
| 952 |
|
|
|a SNK
|b SNK
|y VYP
|7 0
|p 17A0646641
|o snkSC 139176 D1
|i snk2010/4039
|8 0
|z Dotlač k 1. vydaniu z roku 2001
|0 0
|1 0
|4 0
|d 2010-03-02
|f 1
|l 0
|r 2026-02-24 11:30:43
|w 2026-02-24
|
| 952 |
|
|
|t P60, <03>, [BOOK], {603}
|a SNK
|b SNK
|y PREZ
|7 0
|p 17A0320994
|o snkSE 10075
|i snkKSP 13328/2001
|0 0
|1 0
|4 0
|d 2001-11-08
|l 0
|r 2005-01-02 00:00:00
|w 2026-02-24
|
| 952 |
|
|
|t P60, <04>, [BOOK], {604}
|a SNK
|b SNK
|y VYP
|7 0
|p 17A0320995
|o snkSE 10075 D1
|i snkKSP 13329/2001
|0 0
|1 0
|4 0
|d 2001-11-08
|l 0
|r 2005-01-02 00:00:00
|w 2026-02-24
|
| 952 |
|
|
|a SNK
|b SNK
|y PREZ
|7 0
|p 17A0646640
|o snkSC 139176
|i snk2010/4038
|8 0
|z Dotlač k 1. vydaniu z roku 2001
|0 0
|1 0
|4 0
|d 2010-03-02
|l 0
|r 2017-06-30 00:00:00
|w 2026-02-24
|